The Reliability, Availability and Productiveness of Systems

Saved in:
Bibliographic Details
Main Author: Sherwin, D. J. (David J.)
Other Authors: Bossche, A. (Andre)
Format: Book
Language:English
Published: London ; New York : Chapman & Hall, 1993
Subjects:
Tags: Add Tag
No Tags, Be the first to tag this record!

MARC

LEADER 00000nam a2200000 i 4500
001 1/42984
008 950331s1993 eng d
020 |a 0-412-39320-4 
035 |a 1995  |c ΠΑΠΑΔΟΠΟΥΛΟΣ  |l 10041914 
040 |a GR-MY-UA  |b gre  |e aacr 
041 0 |a eng 
082 0 |a 620.0045 
100 1 |a Sherwin, D. J.  |q (David J.) 
245 1 4 |a The Reliability, Availability and Productiveness of Systems /  |c D.J. Sherwin and A. Bossche 
260 |a London ; New York :   |b Chapman & Hall,   |c 1993 
300 |a vii, 270 p.;  |b ill.;  |c 24 cm. 
500 |a Includes bibliographical references and index 
650 0 0 |a Systems engineering. 
700 1 |a Bossche, A.  |q (Andre) 
852 |a INST  |b SAMOS  |e 19950331  |h 620.0045 SHE  |p 005300005791  |q 005300005791  |t BK  |y 0 
909 |a Σ  |b 038822